| 000 | 00562nam a2200181Ia 4500 | ||
|---|---|---|---|
| 003 | SISC | ||
| 005 | 20170116133311.0 | ||
| 008 | 140527s9999 xx 000 0 und d | ||
| 020 | _a9780857027368 | ||
| 050 |
_aGV 443 _b.L419 2012 |
||
| 100 | _aLawrence, Julia. | ||
| 245 |
_aTeaching primary physical education / _cJulia Lawrence. |
||
| 260 |
_aLondon ; Thousand Oaks, Calif. : _bSAGE, _c2012. |
||
| 300 |
_a172 pages : _billustrations ; _c24 cm. |
||
| 500 | _aIncludes bibliographical references and index. | ||
| 942 |
_kFOR _cBK _2lcc |
||
| 999 |
_c117546 _d117546 |
||